000 00621nam a22002417a 4500
003 UA-OsUOA
001 130510
007 ta
008 20180504b un ||||| |||| 00| 0 ukr d
100 _aЄйтс В. Б.
090 _a821.161.2
_bЕ99
942 _cBK
040 _aUA-OsUOA
_bukr
_cUA-OsUOA
_dUA-OsUOA
245 _aЛірика
300 _a216 с.
955 _a3
041 _aukr
_hМова оригіналу
080 _a821.161.2
020 _a5-308-00747-0
260 _aК.
_bДніпро
_c1990
650 7 _a82 Література. Літературознавство
_2UDC
999 _c418570
_d418570